000 01451nam a2200229 i 4500
001 162881
003 ES-MaACL
005 20230906212624.0
008 940301s1886 sp b |||| | spa d
100 1 _aRada y Delgado, Juan de Dios de la.
_994904
245 1 0 _aBibliografía numismática española
_bo Noticia de las obras y trabajos impresos y manuscritos sobre los diferentes ramos que abraza la numismática, debidos a autores españoles o a extranjeros que los publicaron en español, y documentos para la historia monetaria de España : con dos apéndices, que comprenden, el primero, la bibliografía numismática portuguesa y el segundo, la de autores extranjeros que en sus respectivos idiomas escribieron acerca de monedas o medallas de España /
_cpor D. Juan de Dios de la Rada y Delgado.
246 3 _aNoticia de las obras y trabajos impresos y manuscritos sobre los diferentes ramos que abraza la numismática
260 _aMadrid :
_b[s.n.],
_c1886 (
_fImp. y Fundición de Manuel Tello)
300 _aXIII, 632 p. ;
_c27 cm.
530 _aDisponible en formato digital.
586 _aObra premiada por la Biblioteca Nacional en Concurso público, 1886
597 _aTexto a dos col.
597 _aPort. con esc. xil.
650 4 _aNumismática-
_zEspaña-
_vBibliografías.
_9165857
852 _aES-MaACL
_jB-2959
_z- Enc. pasta
856 _uhttp://bdh-rd.bne.es/viewer.vm?id=0000247358&page=1
_zBiblioteca Digital Hispánica
999 _c162881
_d162881